|
|
|
|
| LEADER |
00000nab a2200000 a 4500 |
| 001 |
vtls000800003 |
| 003 |
SK-MaSNL |
| 005 |
20260302155651.0 |
| 008 |
160405c2001 xo 0 slo |
| 015 |
|
|
|a SNBRB2002/07-22130
|
| 035 |
|
|
|a CLN000151658
|
| 040 |
|
|
|a SNKBUCL
|b slo
|c SNKBUCL
|e AACR2
|
| 041 |
0 |
|
|a slo
|
| 044 |
|
|
|a xo
|c SK
|
| 080 |
|
|
|a 792.2:830-2
|2 1997
|
| 080 |
|
|
|a 830-2
|2 1997
|
| 100 |
1 |
|
|a Goetz, Rainald,
|d 1954-
|4 aut
|9 854478
|
| 245 |
1 |
0 |
|a Jeff Koons
|c Rainald Goetz ; preložila Anna Grusková
|
| 300 |
|
|
|b Fotogr.
|
| 600 |
1 |
7 |
|a Goetz, Rainald,
|d 1954-
|t Jeff Koons
|x ukážky
|2 snkbucl
|9 23222
|
| 655 |
|
7 |
|a články z novín a časopisov
|2 snkbucl
|9 267496
|
| 700 |
1 |
|
|a Grusková, Anna,
|d 1962-
|4 trl
|9 107681
|
| 773 |
0 |
|
|x 1335-9770
|t Profil
|g Roč. 8, č. 1-2 (2001), s. 48-53
|
| 850 |
|
|
|a Slovenská národná knižnica v Martine
|
| 852 |
|
|
|a SNK
|b KIS3GCP
|
| 958 |
|
|
|a DE
|
| 958 |
|
|
|a RBX
|
| 999 |
|
|
|c 1372221
|d 1374151
|